MESTSKÁ KNIŽNICA GIRALTOVCE  - online katalóg 

Premeny 2 (Record no. 19737)

000 -NÁVESTIE
fixed length control field 01248nam a2200313 a 4500
008 - ÚDAJE S PEVNOU DĹŽKOU – VŠEOBECNÉ INFORMÁCIE
fixed length control field 951123s1985||||[C 0 slo c
020 ## - MEDZINÁRODNÉ ŠTANDARDNÉ ČÍSLO KNIHY (ISBN)
Údaje o dostupnosti 50 Kčs.
Qualifying information (15000 výtl.)
040 ## - ZDROJ KATALOGIZÁCIE
Pôvodná katalogizujúca agentúra SNK
Jazyk katalogizácie slo
Prepisujúca agentúra SNK
Konvencie popisu AACR2
041 1# - KÓD JAZYKA
Kód jazyka textu/zvukovej stopy alebo samostatných nápisov slo
Kód jazyka originálu a/alebo sprostredkujúcich prekladov textu slo
044 ## - KÓD KRAJINY VYDAVATEĽA/PRODUCENTA
Kód krajiny MARC xo
Kód krajiny ISO SK
080 ## - ČÍSLO MEDZINÁRODNÉHO DESATINNÉHO TRIEDENIA (MDT)
Číslo Medzinárodného desatinného triedenia (MDT) 392:352(082)
080 ## - ČÍSLO MEDZINÁRODNÉHO DESATINNÉHO TRIEDENIA (MDT)
Číslo Medzinárodného desatinného triedenia (MDT) 352(082)
080 ## - ČÍSLO MEDZINÁRODNÉHO DESATINNÉHO TRIEDENIA (MDT)
Číslo Medzinárodného desatinného triedenia (MDT) 885.4-1(082)
100 1# - OSOBNÉ MENÁ – VŠEOBECNÉ INFORMÁCIE
Osobné meno Mravík, Jozef
Kód roly aut
245 10 - NÁZOV
Názov Premeny 2
Zvyšok názvu Zborom pre občianske záležitosti Štátoobčiansky sľub. Odovzdávanie občianskych preukazov. Uvítanie do radov
Údaj o zodpovednosti atď. Jozef Mravík ; Tibor Hrabovský, František Šubín, Dušan Stopiak, Ladislav Matušek, Bohuš Kuchar, Štefan Kopčan, Miroslav Irša, Štefan Varjú
250 ## - ÚDAJ O PORADÍ VYDANIA
Údaj o poradí vydania 2., vyd.
260 ## - VYDAVATEĽSKÉ ÚDAJE, DISTRIBÚCIA ATĎ.
Miesto publikovania, distribúcie atď. Bratislava
Názov vydavateľa, distibútora atď. Obzor
Miesto publikovania, distribúcie atď. S.l.
Názov vydavateľa, distibútora atď. Slov. radu ZPOZ pri MK SSR v Bratislave [vyd.]
Dátum publikovania, distribúcie atď. 1985
Miesto výroby Košice
Výrobca Východoslovenské tlačiarne
300 ## - FYZICKÝ POPIS
Rozsah 336 s., 24,64 AH
Ďalšie fyzické detaily Noty.
Rozmery 29,5 cm
500 ## - VŠEOBECNÁ POZNÁMKA
Formátovaná poznámka o obsahu Ilustr. na front. Hud. mat. zo SHF v Bratislave.
700 1# - PRIDANÝ VSTUP – OSOBNÉ MENO
Osobné meno Hrabovský, Tibor
Kód roly bkd
700 1# - PRIDANÝ VSTUP – OSOBNÉ MENO
Osobné meno Šubín, František
Kód roly bkd
700 1# - PRIDANÝ VSTUP – OSOBNÉ MENO
Osobné meno Stopiak, Dušan
Kód roly bkd
700 1# - PRIDANÝ VSTUP – OSOBNÉ MENO
Osobné meno Matušek, Ladislav
Kód roly oth
700 1# - PRIDANÝ VSTUP – OSOBNÉ MENO
Osobné meno Kuchar, Bohuš
Kód roly oth
700 1# - PRIDANÝ VSTUP – OSOBNÉ MENO
Osobné meno Kopčan, Štefan
Kód roly oth
700 1# - PRIDANÝ VSTUP – OSOBNÉ MENO
Osobné meno Irša, Miroslav
Kód roly oth
700 1# - PRIDANÝ VSTUP – OSOBNÉ MENO
Osobné meno Varjú, Štefan
Kód roly oth
958 ## - Formálny deskriptor
Formálny deskriptor A
Holdings
Stav stiahnutia (Blokovanie) (Withrawn status) Stav straty Stav poškodenia (Damaged status) Nie pre výpožičky (Not for loan) Spôsob nadobudnutia (Collection code) Trvalé umiestnenie Aktuálne umiestnenie Dátum nadobudnutia Náklady, bežná kúpna cena Inventárne číslo (prírastkové číslo) Full call number Dátum posledného výskytu Cena s účinnosťou od Typ jednotky Koha
        Kúpa Mestská knižnica Giraltovce Mestská knižnica Giraltovce 2019-11-29 50.00 18234 I 1530 2019-11-29 2019-11-29 Odborná literatúra pre dospelých

Powered by Koha